[Event "Nova Gorica op-A 18th"]
[Site "Nova Gorica"]
[Date "2013.01.25"]
[Round "1"]
[White "Titan, Matej"]
[Black "Portelli, Severino"]
[Result "1-0"]
[WhiteElo "2135"]
[BlackElo "1740"]
[PlyCount "59"]
[EventDate "2013.01.25"]
[EventType "swiss"]
[EventRounds "9"]
[EventCountry "SLO"]
[SourceTitle "CBM 152 Extra"]
[Source "ChessBase"]
[SourceDate "2013.02.25"]
[SourceVersion "1"]
[SourceVersionDate "2013.02.25"]
[SourceQuality "1"]

1. d4 d5 2. c4 e6 3. Nf3 Nd7 4. g3 Be7 5. Bg2 c6 6. 0-0 h5 7. h4 Ngf6 8. Nc3 Ne4 9. Qc2 g5 10. Nxe4 dxe4 11. Nxg5 Nf6 12. Nxe4 Nxe4 13. Qxe4 f5 14. Qd3 Bxh4 15. gxh4 Qxh4 16. Qg3 Qxg3 17. fxg3 Bd7 18. Bf4 0-0-0 19. d5 h4 20. gxh4 e5 21. Bg5 Rdg8 22. dxc6 bxc6 23. Kf2 f4 24. b4 Rg6 25. Rfd1 Bf5 26. b5 e4 27. bxc6 Rxc6 28. c5 f3 29. exf3 Rf8 30. f4 1-0

[Event "Nova Gorica op-A 17th"]
[Site "Nova Gorica"]
[Date "2012.01.28"]
[Round "3"]
[White "Portelli, Severino"]
[Black "Cortese, Lina"]
[Result "1/2-1/2"]
[WhiteElo "1758"]
[BlackElo "1621"]
[PlyCount "89"]
[EventDate "2012.01.27"]
[EventType "swiss"]
[EventRounds "9"]
[EventCountry "SLO"]
[SourceTitle "CBM 146 Extra"]
[Source "ChessBase"]
[SourceDate "2012.02.29"]
[SourceVersion "1"]
[SourceVersionDate "2012.02.29"]
[SourceQuality "1"]

1. d4 Nf6 2. Nf3 d5 3. Bf4 e6 4. Nbd2 c5 5. e3 Nc6 6. c3 Qb6 7. Qc2 Bd7 8. Be2 cxd4 9. exd4 Rc8 10. Qb3 Qxb3 11. axb3 Be7 12. Ne5 a6 13. 0-0 Nxe5 14. Bxe5 0-0 15. Bxf6 Bxf6 16. f4 Be7 17. b4 Bd6 18. g3 f6 19. Bg4 Rc7 20. Rfe1 Re8 21. Nb3 Kf7 22. Nc5 f5 23. Bf3 Bxc5 24. bxc5 Bb5 25. Re3 Kf6 26. Rae1 Rce7 27. g4 fxg4 28. Bxg4 Bd7 29. Re5 g6 30. Bf3 Bc6 31. h4 Rb8 32. Kh2 b6 33. Bg4 Bd7 34. c6 Bc8 35. c4 Rc7 36. cxd5 exd5 37. Bxc8 Rbxc8 38. Re6+ Kf7 39. Rd6 Rxc6 40. Rd7+ Kf6 41. Ree7 Rc2+ 42. Kg3 Rxb2 43. Rf7+ Ke6 44. Rfe7+ Kf6 45. Rf7+ 1/2-1/2

[Event "Nova Gorica op-A 17th"]
[Site "Nova Gorica"]
[Date "2012.01.27"]
[Round "1"]
[White "Portelli, Severino"]
[Black "Dusak, Aljaz"]
[Result "0-1"]
[WhiteElo "1758"]
[BlackElo "2147"]
[PlyCount "54"]
[EventDate "2012.01.27"]
[EventType "swiss"]
[EventRounds "9"]
[EventCountry "SLO"]
[SourceTitle "CBM 146 Extra"]
[Source "ChessBase"]
[SourceDate "2012.02.29"]
[SourceVersion "1"]
[SourceVersionDate "2012.02.29"]
[SourceQuality "1"]

1. d4 Nf6 2. Nf3 g6 3. c3 Bg7 4. Nbd2 d5 5. Ne5 Nbd7 6. Ndf3 0-0 7. e3 Nxe5 8. Nxe5 Bf5 9. f3 Qc8 10. Be2 c5 11. g4 Be6 12. h4 Nd7 13. f4 Nxe5 14. fxe5 f5 15. g5 Qc6 16. 0-0 b5 17. Rf2 a5 18. Qf1 Rfb8 19. h5 a4 20. Bd2 Qb6 21. h6 Bf8 22. Bd3 Bd7 23. Qg2 Qb7 24. Raf1 e6 25. e4 dxe4 26. Rxf5 exf5 27. Rxf5 Bxf5 0-1

[Event "Nova Gorica op-A 16th"]
[Site "Nova Gorica"]
[Date "2011.01.31"]
[Round "6"]
[White "Portelli, Severino"]
[Black "Ivanovic, Andrej"]
[Result "0-1"]
[WhiteElo "1822"]
[BlackElo "1921"]
[PlyCount "94"]
[EventDate "2011.01.28"]
[EventType "swiss"]
[EventRounds "9"]
[EventCountry "SLO"]
[SourceTitle "CBM 140 Extra"]
[Source "ChessBase"]
[SourceDate "2011.03.01"]
[SourceVersion "1"]
[SourceVersionDate "2011.03.01"]
[SourceQuality "1"]

1. d4 Nf6 2. Nf3 d6 3. c3 Nbd7 4. Nbd2 e5 5. dxe5 dxe5 6. e3 c6 7. Be2 Be7 8. 0-0 0-0 9. Qc2 Qc7 10. Bd3 g6 11. e4 Re8 12. Nb3 Bf8 13. Bc4 b5 14. Be2 a6 15. Bg5 Bb7 16. Nh4 c5 17. Nd2 h6 18. Be3 Qc6 19. Bf3 c4 20. Rae1 Nc5 21. b4 Nd3 22. Rd1 Kh7 23. g3 Be7 24. Ng2 Rad8 25. Ne1 Nxe1 26. Rfxe1 Qe6 27. Bg2 Ng4 28. Nf1 Nxe3 29. Nxe3 Bg5 30. Nd5 Bxd5 31. exd5 Qd6 32. h4 Be7 33. h5 Rf8 34. Be4 f5 35. hxg6+ Qxg6 36. Bg2 Bd6 37. a3 Rde8 38. Re2 h5 39. Rde1 h4 40. Re3 e4 41. Rxe4 fxe4 42. Rxe4 hxg3 43. Rh4+ Kg7 44. Qxg6+ Kxg6 45. fxg3 Re1+ 46. Kh2 Re3 47. Be4+ Kg5 0-1

[Event "Nova Gorica op-A 16th"]
[Site "Nova Gorica"]
[Date "2011.01.29"]
[Round "2"]
[White "Portelli, Severino"]
[Black "Veliscek, Iza"]
[Result "1-0"]
[WhiteElo "1822"]
[BlackElo "1589"]
[PlyCount "101"]
[EventDate "2011.01.28"]
[EventType "swiss"]
[EventRounds "9"]
[EventCountry "SLO"]
[SourceTitle "CBM 140 Extra"]
[Source "ChessBase"]
[SourceDate "2011.03.01"]
[SourceVersion "1"]
[SourceVersionDate "2011.03.01"]
[SourceQuality "1"]

1. d4 Nf6 2. Nf3 g6 3. c3 Bg7 4. Bf4 d5 5. Nbd2 Nc6 6. e3 e6 7. Be2 0-0 8. 0-0 b6 9. Bg5 Qe8 10. Bb5 a6 11. Bxc6 Qxc6 12. Ne5 Qe8 13. Qf3 Nh5 14. Ng4 f6 15. Bh4 g5 16. Bg3 f5 17. Ne5 g4 18. Qe2 Nxg3 19. fxg3 Rf6 20. Rf4 Rh6 21. Raf1 Qh5 22. h4 gxh3 23. Qxh5 Rxh5 24. gxh3 Rxh3 25. Kg2 Rh6 26. Ndf3 Bf6 27. g4 Be7 28. g5 Rh5 29. Rh1 Rxh1 30. Kxh1 Bb7 31. Rh4 Kg7 32. Kh2 c5 33. Kg3 b5 34. Kf4 a5 35. Rh6 b4 36. Rxe6 Bf8 37. Nh4 Ra6 38. Nxf5+ Kg8 39. Rxa6 Bxa6 40. Nd7 Bc8 41. Nxf8 Kxf8 42. dxc5 bxc3 43. bxc3 a4 44. a3 Bd7 45. Ke5 Kf7 46. Nh4 Ke7 47. Kxd5 Bg4 48. c6 Bh3 49. e4 Bg4 50. Nf5+ Bxf5 51. exf5 1-0

[Event "Nova Gorica op-A 16th"]
[Site "Nova Gorica"]
[Date "2011.01.28"]
[Round "1"]
[White "Milenkovic, Mladen"]
[Black "Portelli, Severino"]
[Result "1-0"]
[WhiteElo "2396"]
[BlackElo "1822"]
[PlyCount "51"]
[EventDate "2011.01.28"]
[EventType "swiss"]
[EventRounds "9"]
[EventCountry "SLO"]
[SourceTitle "CBM 140 Extra"]
[Source "ChessBase"]
[SourceDate "2011.03.01"]
[SourceVersion "1"]
[SourceVersionDate "2011.03.01"]
[SourceQuality "1"]

1. c4 c5 2. Nc3 Nc6 3. g3 g6 4. Bg2 Bg7 5. Nf3 d6 6. 0-0 Bd7 7. e3 Qc8 8. Re1 Bg4 9. Qa4 Bd7 10. d3 h5 11. h4 Nh6 12. a3 Ne5 13. Qc2 Nxf3+ 14. Bxf3 Bg4 15. Bh1 0-0 16. Rb1 Rb8 17. b4 b6 18. Bb2 Qd7 19. b5 e6 20. Bc6 Qe7 21. f3 Bf5 22. e4 Bd4+ 23. Kg2 Bg4 24. fxg4 Nxg4 25. Nd1 Bf2 26. Nxf2 1-0

[Event "Nova Gorica op-B 14th"]
[Site "Nova Gorica"]
[Date "2009.02.02"]
[Round "4"]
[White "Stepancic, Aleks"]
[Black "Portelli, Severino"]
[Result "0-1"]
[WhiteElo "1500"]
[BlackElo "1825"]
[PlyCount "30"]
[EventDate "2009.01.31"]
[EventType "swiss"]
[EventRounds "9"]
[EventCountry "SLO"]
[SourceTitle "EXT 2011"]
[Source "ChessBase"]
[SourceDate "2010.11.26"]
[SourceVersion "1"]
[SourceVersionDate "2010.11.26"]
[SourceQuality "1"]

1. e4 e5 2. Bc4 Bc5 3. Qh5 Qf6 4. Nf3 d6 5. 0-0 Nh6 6. d3 Bg4 7. Qg5 Bxf3 8. Qxf6 gxf6 9. Bxh6 Rg8 10. g3 Nc6 11. Nc3 Rg6 12. Nd5 Nd4 13. Nxc7+ Kd8 14. Rfc1 Kxc7 15. Bxf7 Rxh6 0-1

[Event "Nova Gorica op-B 12th"]
[Site "Nova Gorica"]
[Date "2007.01.29"]
[Round "7"]
[White "Portelli, Severino"]
[Black "Asanin, Svarun"]
[Result "1-0"]
[WhiteElo "1903"]
[BlackElo "1500"]
[PlyCount "25"]
[EventDate "2007.01.26"]
[EventType "swiss"]
[EventRounds "9"]
[EventCountry "SLO"]
[SourceTitle "CBM 116 Extra"]
[Source "ChessBase"]
[SourceDate "2007.03.07"]
[SourceVersion "1"]
[SourceVersionDate "2007.03.07"]
[SourceQuality "1"]

1. d4 d5 2. c4 Nf6 3. Nc3 Nc6 4. Nf3 dxc4 5. d5 Nb4 6. Qa4+ Bd7 7. Qxb4 Bg4 8. Ne5 e6 9. Qb5+ c6 10. dxc6 bxc6 11. Qxc6+ Ke7 12. Qb7+ Ke8 13. Qxf7# 1-0

[Event "Nova Gorica op-B 11th"]
[Site "Nova Gorica"]
[Date "2006.01.30"]
[Round "7"]
[White "Zupancic, Jernej"]
[Black "Portelli, Severino"]
[Result "1/2-1/2"]
[WhiteElo "1543"]
[BlackElo "1903"]
[PlyCount "55"]
[EventDate "2006.01.27"]
[EventType "swiss"]
[EventRounds "9"]
[EventCountry "SLO"]
[SourceTitle "CBM 110 Extra"]
[Source "ChessBase"]
[SourceDate "2006.03.10"]
[SourceVersion "2"]
[SourceVersionDate "2006.03.10"]
[SourceQuality "1"]

1. e4 e5 2. Nf3 Nc6 3. Bb5 a6 4. Ba4 Nf6 5. 0-0 b5 6. Bb3 Be7 7. Re1 0-0 8. c3 d6 9. h3 Bd7 10. d4 Qc8 11. Nbd2 h6 12. Nf1 Kh7 13. Ng3 g6 14. Qd2 Ng8 15. Rd1 Bf6 16. dxe5 Nxe5 17. Nxe5 Bxe5 18. f4 Bg7 19. e5 Bc6 20. exd6 cxd6 21. Qxd6 Qb7 22. Qd2 Rad8 23. Qf2 Rxd1+ 24. Bxd1 b4 25. cxb4 Rd8 26. Be3 Qxb4 27. Bb3 f5 28. Kh2 1/2-1/2

[Event "Nova Gorica op-B 10th"]
[Site "Nova Gorica"]
[Date "2005.02.03"]
[Round "9"]
[White "Portelli, Severino"]
[Black "Mircoli, Filippo"]
[Result "0-1"]
[WhiteElo "1903"]
[BlackElo "1928"]
[PlyCount "98"]
[EventDate "2005.01.28"]
[EventType "swiss"]
[EventRounds "9"]
[EventCountry "SLO"]
[SourceTitle "CBM 104 Extra"]
[Source "ChessBase"]
[SourceDate "2005.03.01"]
[SourceVersion "1"]
[SourceVersionDate "2005.03.01"]
[SourceQuality "1"]

1. d4 e6 2. Nf3 d5 3. Bd2 Nf6 4. e3 c5 5. c3 Nc6 6. Bd3 Bd6 7. 0-0 b6 8. Bb5 Bb7 9. Ne5 Qc7 10. f4 0-0 11. Bd3 Ne4 12. Be1 Rac8 13. Nd2 f5 14. Ndf3 Nxe5 15. fxe5 Be7 16. Bh4 c4 17. Bc2 b5 18. Qe2 a5 19. Bxe4 dxe4 20. Ng5 Bxg5 21. Bxg5 h6 22. Bh4 Bd5 23. g4 fxg4 24. Qxg4 Rxf1+ 25. Rxf1 Rf8 26. Rxf8+ Kxf8 27. Qg6 Qb7 28. Bd8 Qa8 29. Bb6 b4 30. Bc5+ Kg8 31. h4 bxc3 32. bxc3 Qb8 33. Qg2 Qb1+ 34. Kh2 Qe1 35. Qg3 Qe2+ 36. Kh3 h5 37. Be7 Qf1+ 38. Kh2 Qe2+ 39. Kh3 Qf3 40. Qxf3 exf3 41. Kg3 Kf7 42. Bd8 a4 43. a3 Kg6 44. Be7 Kf5 45. Bg5 Ke4 46. Kf2 Kd3 47. Be7 Kxc3 48. e4 Bxe4 49. Kg3 Bd5 0-1